Online
Catalog

Cuentos para niños / (Record no. 43878)

MARC details
000 -CABECERA
campo de control de longitud fija 00909nam a2200205 a 4500
001 - NÚMERO DE CONTROL
campo de control 000044389
005 - FECHA Y HORA DE LA ÚLTIMA TRANSACCIÓN
campo de control 20201002045335.0
008 - DATOS DE LONGITUD FIJA--INFORMACIÓN GENERAL
campo de control de longitud fija 140626s2010 dr a 000 j spa d
020 ## - NÚMERO INTERNACIONAL ESTÁNDAR DEL LIBRO
Número Internacional Estándar del Libro 9789945863314
040 ## - FUENTE DE LA CATALOGACIÓN
Centro catalogador/agencia de origen DO-SdBNP
Lengua de catalogación spa
Centro/agencia transcriptor BNPH
082 ## - NÚMERO DE LA CLASIFICACIÓN DECIMAL DEWEY
Número de clasificación 891.73
Número de documento/Ítem T588C
100 1# - ENTRADA PRINCIPAL--NOMBRE DE PERSONA
Nombre de persona Tolstói, León,
Fechas asociadas al nombre 1928-1910
9 (RLIN) 72393
245 10 - MENCIÓN DE TÍTULO
Título Cuentos para niños /
Mención de responsabilidad, etc. León Tolstói ; editado Salomé Frías ; diagramación Emilio Pérez.
260 ## - PUBLICACIÓN, DISTRIBUCIÓN, ETC.
Lugar de publicación, distribución, etc. Santo Domingo :
Nombre del editor, distribuidor, etc. karabú,
Fecha de publicación, distribución, etc. 2010.
300 ## - DESCRIPCIÓN FÍSICA
Extensión 39 p. :
Otras características físicas il. ;
Dimensiones 27 cm.
505 0# - NOTA DE CONTENIDO CON FORMATO
Título El gatito --
-- La niña y las setas --
-- El hueso de la ciruela --
-- El pajarito --
-- El embustero --
-- Dos camaradas --
-- Los cisnes --
-- El elefante --
-- El gorrión y la golondrina --
-- El águila --
-- El tiburón --
-- El salto --
-- El león y el perrito --
650 #4 - PUNTO DE ACCESO ADICIONAL DE MATERIA--TÉRMINO DE MATERIA
Término de materia o nombre geográfico como elemento de entrada Cuentos infantiles rusos
9 (RLIN) 72394
650 #4 - PUNTO DE ACCESO ADICIONAL DE MATERIA--TÉRMINO DE MATERIA
Término de materia o nombre geográfico como elemento de entrada Literatura infantil rusa
9 (RLIN) 72395
700 12 - PUNTO DE ACCESO ADICIONAL--NOMBRE DE PERSONA
Nombre de persona Frías, Salomé
Término indicativo de función/relación ed.
9 (RLIN) 16020
Holdings
Estado de retiro Estado de pérdida No para préstamo Código de colección Localización permanente Ubicación/localización actual Ubicación en estantería Fecha de adquisición Número de inventario Total de préstamos Signatura topográfica completa Código de barras Fecha visto por última vez Precio válido a partir de Tipo de ítem Koha Número de copia
    Excluido de préstamo Patrimonio Dominicano Patrimonio Dominicano Patrimonio Dominicano Depósito 26.06.2014 LF1   891.73 T588C 44389-10 25.06.2020 25.06.2020 Libro y Folleto Colección Patrimonio Dominicano  
    Excluido de préstamo Patrimonio Dominicano Patrimonio Dominicano Patrimonio Dominicano Depósito 26.06.2014 LF1   891.73 T588C 44389-20 25.06.2020 25.06.2020 Libro y Folleto Colección Patrimonio Dominicano e. 2

Powered by Koha